| Tag |
First Indicator |
Second Indicator |
Subfields |
| LEADER |
00000cam a22000008a 4500 |
| 001 |
in00000015740 |
| 005 |
20151007052606.0 |
| 008 |
870723s1988 nyua b 00100 eng |
| 010 |
|
|
|a 87021561
|
| 020 |
|
|
|a 0471823643 :
|c $65.00 (est.)
|
| 035 |
|
|
|a (OCoLC)16404863
|
| 035 |
|
|
|9 AAA8419AM
|
| 040 |
|
|
|a DLC
|c DLC
|d TXA
|d UtOrBLW
|
| 049 |
|
|
|a TXAM
|c [A11485082]
|
| 050 |
0 |
0 |
|a QD96.M3
|b I55 1987
|
| 050 |
|
4 |
|a QD96.M3
|b I55 1988
|
| 082 |
0 |
|
|a 543/.0873
|2 19
|
| 245 |
0 |
0 |
|a Inorganic mass spectrometry /
|c edited by F. Adams, R. Gijbels, R. van Grieken.
|
| 263 |
|
|
|a 8712
|
| 264 |
|
1 |
|a New York :
|b Wiley,
|c [1988]
|
| 264 |
|
4 |
|c ©1988
|
| 300 |
|
|
|a xi, 404 pages :
|b illustrations
|
| 336 |
|
|
|a text
|b txt
|2 rdacontent
|
| 337 |
|
|
|a unmediated
|b n
|2 rdamedia
|
| 338 |
|
|
|a volume
|b nc
|2 rdacarrier
|
| 490 |
1 |
|
|a Chemical analysis ;
|v v. 95
|
| 500 |
|
|
|a "A Wiley-Interscience publication."
|
| 504 |
|
|
|a Includes bibliographies and index.
|
| 650 |
|
0 |
|a Mass spectrometry.
|
| 650 |
|
0 |
|a Chemistry, Inorganic.
|
| 700 |
1 |
|
|a Adams, F.
|q (Freddy),
|d 1938-
|
| 700 |
1 |
|
|a Gijbels, R.
|q (Renaat)
|
| 700 |
1 |
|
|a Grieken, R. van
|q (René)
|
| 830 |
|
0 |
|a Chemical analysis ;
|v v. 95.
|
| 999 |
|
|
|a MARS
|
| 999 |
f |
f |
|s 6eaef1b9-af4c-3279-b367-1de9f03d4a0f
|i 5b1f0b6c-5d28-3b97-8051-45b285f65aeb
|t 0
|
| 952 |
f |
f |
|p ric
|a Texas A&M University
|b Rellis Campus
|c Joint Library Facility
|d Remote Storage
|t 0
|e QD96.M3 I55 1988
|h Library of Congress classification
|i unmediated -- volume
|m A14811485082
|
| 998 |
f |
f |
|a QD96.M3 I55 1988
|t 0
|l Remote Storage
|